01940 2200181 4500245003800000020002200038250001100060100001800071700002100089650001700110005001900127260002800146041001400174084001100188300002300199500152700222336000901749 aElegi HaekalcDhia'an FarahhText a978-623-310-060-1 aCet. 2 aDhia'an Farah aNadiya Novrianty aFiksi Remaja a20250319070710 aJakartabLoveablec2022 aIndonesia a808.83 a380 hlm. :c19 cm. aUUDN = Undang-undang Dikta Nadhira.Pasal satu, Dasar hukum perjodohan yang mengikat kedua belah pihak (Nadhira dan Dikta).Pasal dua, memuat tentang bagaimana Keduanya tanpa sadar saling menghindar agar tak jatuh hati.Pasal tiga, Menjelaskan kedua belah pihak terhukum dengan jatuh hati yang tak bisa mereka hindari lagi.Pasal empat, ketentuan umum keduanya sebagai kekasih yang saling mengasihi.Pasal lima, Kewenangan absolut Semesta menentukan akhir dari cerita yang mereka yakini akan abadi.Haekal tidak pernah merasakan kasih sayang mamanya. Di usianya yang sudah menginjak tujuh belas tahun, di saat anak seumurannya sedang dalam masa puber dan risih jika diberikan terlalu banyak perhatian oleh orang tuanya, Haekal justru sangat menginginkan semua itu. Haekal rela melakukan apa pun untuk sekali saja, hanya sekali, mendapatkan kasih sayang dari sang Mama. Dan dia tidak membutuhkan apa-apa lagi.DeskripsiNovel Elegi Haekal adalah sebuah Novel yang diadaptasi dari sebuah Alternative Universe atau biasa disebut AU di twitter. Karena memiliki alur yang menarik para pembaca, cerita itu akhirnya menarik salah satu publisher untuk dijadikan sebuah Novel.Novel ini mengisahkan tentang tentang pemuda tampan dan berkharisma yang bernama Haekal. Pemuda berusia 17 tahun itu menghadapi kisah cinta dan masalah sosial anak muda lainnya. Novel ini sudah dijadikan sebuah film pendek yang ditayangkan di sebuah platform film lokal yang berwarna merah. Novel ini cocok dibaca oleh para penikmat drama, romantis, dan keluarga. atext